| 000 | 01030nam0a2200301 4500 | ||
|---|---|---|---|
| 001 | RU\NLR\bibl\176060 | ||
| 005 | 20260405063102.0 | ||
| 010 |
_a5-227-00912-0 _911000 |
||
| 021 |
_aRU _b2000-49660 _92291 |
||
| 035 | _a(NLR Aleph) 000172777 | ||
| 090 |
_a996043 _c996043 |
||
| 100 | _a20010813d2000 |||y0rusy50 ca | ||
| 101 | 0 | _arus | |
| 102 | _aRU | ||
| 105 | _aa ||||||||| | ||
| 200 | 1 |
_aКитайский шар-пей _fМихаил Дубров |
|
| 210 |
_aМ. _cЦентрполиграф _d2000 |
||
| 215 |
_a139 с. _cил. _d20 |
||
| 225 | 1 | _aБиблиотека российского собаководства | |
| 606 | 0 |
_aШарпей китайский _91338168 _3RU\NLR\auth\66557465 |
|
| 686 | _aП673.39шар-пей китайский | ||
| 700 | 1 |
_4070 _8rus _7ca _aДубров _bМ.З. _gМихаил Зориевич _3RU\NLR\auth\7721643 _94704 |
|
| 801 | 0 |
_aRU _bNLR _c20010813 _gPSBO |
|
| 801 | 1 |
_aRU _bNLR _c20010813 |
|
| 830 | _aАвт. по кн. | ||
| 942 | _cBOOK | ||
| 980 | _aNB | ||